NBA 60 Point Games - Statistics

General Stats
  • This quiz has been taken 15 times
  • The average score is 69 of 93
Answer Stats
Hint #1 Hint #2 Answer % Correct
2006 81 Kobe Bryant
100%
2007 65 Kobe Bryant
100%
2005 62 Kobe Bryant
100%
2009 61 Kobe Bryant
100%
2016 60 Kobe Bryant
100%
2007 60 Kobe Bryant
100%
2021 62 Stephen Curry
100%
2024 60 Stephen Curry
100%
1962 100 Wilt Chamberlain
100%
1961 78 Wilt Chamberlain
100%
1962 73 Wilt Chamberlain
100%
1962 73 Wilt Chamberlain
100%
1962 72 Wilt Chamberlain
100%
1963 70 Wilt Chamberlain
100%
1967 68 Wilt Chamberlain
100%
1963 67 Wilt Chamberlain
100%
1962 67 Wilt Chamberlain
100%
1962 67 Wilt Chamberlain
100%
1961 67 Wilt Chamberlain
100%
1969 66 Wilt Chamberlain
100%
1966 65 Wilt Chamberlain
100%
1962 65 Wilt Chamberlain
100%
1962 65 Wilt Chamberlain
100%
1964 63 Wilt Chamberlain
100%
1962 63 Wilt Chamberlain
100%
1966 62 Wilt Chamberlain
100%
1964 62 Wilt Chamberlain
100%
1963 62 Wilt Chamberlain
100%
1962 62 Wilt Chamberlain
100%
1962 62 Wilt Chamberlain
100%
1962 62 Wilt Chamberlain
100%
1962 61 Wilt Chamberlain
100%
1962 61 Wilt Chamberlain
100%
1962 61 Wilt Chamberlain
100%
1962 61 Wilt Chamberlain
100%
1962 61 Wilt Chamberlain
100%
1961 61 Wilt Chamberlain
100%
1969 60 Wilt Chamberlain
100%
1961 60 Wilt Chamberlain
100%
1961 60 Wilt Chamberlain
100%
2026 83 Bam Adebayo
93%
2014 61 LeBron James
93%
2019 61 James Harden
86%
2019 61 James Harden
86%
2019 60 James Harden
86%
2018 60 James Harden
86%
2024 73 Luka Doncic
86%
2026 60 Luka Doncic
86%
2022 60 Luka Doncic
86%
1990 69 Michael Jordan
86%
1993 64 Michael Jordan
86%
1987 61 Michael Jordan
86%
1987 61 Michael Jordan
86%
2017 70 Devin Booker
79%
2024 62 Devin Booker
79%
2025 61 Nikola Jokic
79%
2016 60 Klay Thompson
71%
1978 73 David Thompson
64%
2023 71 Donovan Mitchell
64%
1962 63 Jerry West
64%
2024 70 Joel Embiid
64%
2000 61 Shaquille O'Neal
64%
2023 71 Damian Lillard
57%
2020 61 Damian Lillard
57%
2020 61 Damian Lillard
57%
2023 60 Damian Lillard
57%
2019 60 Damian Lillard
57%
1994 71 David Robinson
57%
2023 64 Giannis Antetokounmpo
57%
1985 60 Larry Bird
57%
2005 60 Allen Iverson
50%
2021 60 Jayson Tatum
50%
1990 61 Karl Malone
50%
2014 62 Carmelo Anthony
43%
1960 71 Elgin Baylor
36%
1959 64 Elgin Baylor
36%
1961 63 Elgin Baylor
36%
1978 63 George Gervin
36%
2024 61 Jalen Brunson
36%
2024 62 Karl-Anthony Towns
36%
2022 60 Karl-Anthony Towns
36%
1974 64 Rick Barry
36%
1952 61 George Mikan
29%
2022 60 Kyrie Irving
29%
2004 62 Tracy McGrady
29%
1990 60 Tom Chambers
21%
1984 60 Bernard King
14%
2021 60 Bradley Beal
14%
1977 68 Pete Maravich
14%
2024 60 De'Aaron Fox
7%
1949 63 Joe Fulks
7%
2006 60 Gilbert Arenas
0%
2018 60 Kemba Walker
0%
No matching quizzes found
Score Distribution
Percent of People with Each Score
Percentile by Number Answered
Your Score History
You have not taken this quiz